Financial and corporate public relations (Record no. 63075)

MARC details
000 -LEADER
fixed length control field 00855nam a2200217 a 4500
008 - FIXED-LENGTH DATA ELEMENTS--GENERAL INFORMATION
fixed length control field 120416s1982 ||||||||||||||||| || u
020 ## - INTERNATIONAL STANDARD BOOK NUMBER
International Standard Book Number 0070845867
050 ## - LIBRARY OF CONGRESS CALL NUMBER
Classification number HD 59 Kop
100 ## - MAIN ENTRY--PERSONAL NAME
Personal name Kopel, Ellis
245 10 - TITLE STATEMENT
Title Financial and corporate public relations
246 ## -
-- the integrated approach
260 ## - PUBLICATION, DISTRIBUTION, ETC.
Place of publication, distribution, etc. London
Name of publisher, distributor, etc. McGraw-Hill
Date of publication, distribution, etc. 1982
300 ## - PHYSICAL DESCRIPTION
Extent vi, 102p. : ill
350 ## -
-- 0.00
500 ## - GENERAL NOTE
General note Includes index.
650 #0 - SUBJECT ADDED ENTRY--TOPICAL TERM
Topical term or geographic name entry element BUSINESS
650 ## - SUBJECT ADDED ENTRY--TOPICAL TERM
Topical term or geographic name entry element CORPORATIONS--INVESTOR RELATIONS
650 ## - SUBJECT ADDED ENTRY--TOPICAL TERM
Topical term or geographic name entry element CORPORATIONS--PUBLIC RELATIONS
995 ## -
-- ANNEX COLLECTION (Main Library)
-- 0.00
-- 708190
-- CBU-MAIN LIBRARY (Kitwe)
-- 1
-- 15.25
-- HD 59 Kop
-- 1
-- AVAILABLE
-- 003750
-- Annex Low-Usage Collection
995 ## -
-- ANNEX COLLECTION (Main Library)
-- 0.00
-- 708191
-- CBU-MAIN LIBRARY (Kitwe)
-- 2
-- 15.25
-- HD 59 Kop
-- 2
-- AVAILABLE
-- 003751
-- Annex Low-Usage Collection
999 ## -
-- 63075
-- 63075
Holdings
Withdrawn status Lost status Source of classification or shelving scheme Damaged status Not for loan Permanent Location Current Location Shelving location Date acquired Total Checkouts Full call number Barcode Date last seen Price effective from Koha item type
          CBU-MAIN LIBRARY, KITWE. CBU-MAIN LIBRARY, KITWE.   12/24/2022   HD 59 Kop 003750 12/24/2022 12/24/2022 MONOGRAPH
          CBU-MAIN LIBRARY, KITWE. CBU-MAIN LIBRARY, KITWE.   12/24/2022   HD 59 Kop 003751 12/24/2022 12/24/2022 MONOGRAPH